Roma y su destino

Αποθηκεύτηκε σε:
Λεπτομέρειες βιβλιογραφικής εγγραφής
Κύριοι συγγραφείς: Bloch, Raymond (Συγγραφέας), Cousin, Jean (Συγγραφέας)
Μορφή: Βιβλίο
Γλώσσα:Ισπανικά
Έκδοση: Barcelona Labor 1967
Σειρά:Destinos del Mundo
Θέματα:
Ετικέτες: Προσθήκη ετικέτας
Δεν υπάρχουν, Καταχωρήστε ετικέτα πρώτοι!

MARC

LEADER 00000nam a2200000 a 4500
001 UCP9033
003 CL-VaPUC
008 000317e19670000SP |||||||||||||||||spa|d
082 0 4 |a 937  |b BLO  |2 21 
100 0 |a Bloch, Raymond  |e author  |9 439342 
700 0 |a Cousin, Jean  |e author  |9 439343 
245 1 0 |a Roma y su destino 
300 |a 563 p 
942 |c BK 
945 |d 20000317 00:00:00  |a rherrera 
260 |a Barcelona  |b Labor  |c 1967 
650 0 |a Historia antigua  |9 267521 
650 7 |a ROMA  |2 CL-VaPUC  |9 317375 
650 7 |a ORIGENES  |2 CL-VaPUC  |9 367418 
650 0 |a República romana  |9 433651 
650 0 |a Imperio Romano  |9 322785 
651 0 |a Italia  |9 254949 
583 |a last modification  |c 20000317 00:00:00  |k Rodrigo Vera 
490 0 |a Destinos del Mundo 
999 |c 285886  |d 285884 
952 |0 0  |1 0  |4 0  |6 937_000000000000000_BLO_1967  |7 0  |8 A  |9 330743  |a BIBHIS  |b BIBHIS  |d 2019-11-20  |i 1395068  |o 937 BLO 1967  |p 1395068  |r 2025-01-20  |w 2019-11-20  |y BK  |k HIS